Pays ayant le plus de médailles aux Jeux olympiques d'été - Statistiques

Statistiques générales
  • Ce quiz a été pris 62 fois
  • Le résultat moyen est 8 sur 10
Statistiques - réponses
Total Pays % Correct
2 635 États-Unis
100%
749 France
100%
634 Chine
98%
652 Allemagne
92%
916 Grande-Bretagne
92%
617 Italie
91%
543 Australie
85%
1 010 Union soviétique
75%
503 Suède
55%
512 Hongrie
43%
Aucun quiz correspondant
Distribution des résultats
% des personnes avec chaque résultat
Percentile par nombre de réponses
Votre historique - résultats
Vous n’avez pas pris ce quiz